| 000 | 00704nam a2200217 a 4500 | ||
|---|---|---|---|
| 001 | 1260 | ||
| 003 | CDMR | ||
| 005 | 20130404164201.0 | ||
| 008 | 130130s1993||||||||||||||||||||||||||||d | ||
| 020 | _a8439326513 | ||
| 040 |
_aCDMR _bcat _cCDMR |
||
| 111 | 2 |
_aConverses a la Pedrera _cBarcelona _d1992 _n3es _9403 |
|
| 245 | 1 | 0 |
_aÈtica i comunicació social _cIII Converses a La Pedrera |
| 260 |
_aBarcelona _c1993 _bGeneralitat de Catalunya. Centre d'Investigació de la Comunicació |
||
| 300 | _a159 p. | ||
| 490 | 0 |
_aMonografies i Documents _v9 |
|
| 500 | _aTextos en català i castellà | ||
| 650 | 0 | 4 |
_9980 _aComunicació _xAspectes ètics i morals |
| 700 | 1 |
_aBarroso, Porfirio _9479 |
|
| 942 |
_cMON _2udc |
||
| 999 |
_c1260 _d1260 |
||